Т. 48, № 1; Теоретические основы химической технологии

গ্রন্থ-পঞ্জীর বিবরন
Parent link:Теоретические основы химической технологии/ Российская академия наук (РАН), Институт общей и неорганической химии им. Н. С. Курнакова (ИОНХ). Т. 48, № 1.— , 1967-
ভাষা:রুশ
প্রকাশিত: 2014
বিন্যাস: গ্রন্থ
KOHA link:https://koha.lib.tpu.ru/cgi-bin/koha/opac-detail.pl?biblionumber=529574

MARC

LEADER 00000nam2a2200000 4500
001 529574
005 20231101112313.0
035 |a (RuTPU)RU\TPU\prd\215253 
090 |a 529574 
100 |a 20140311a19679999k y0rusy50 ca 
101 0 |a rus 
102 |a RU 
200 0 |a Т. 48, № 1 
210 |d 2014 
461 1 |0 (RuTPU)RU\TPU\prd\375  |t Теоретические основы химической технологии  |f Российская академия наук (РАН), Институт общей и неорганической химии им. Н. С. Курнакова (ИОНХ)  |v Т. 48, № 1  |d 1967- 
801 0 |a RU  |b 63413507  |c 20010227  |g PSBO 
801 1 |a RU  |b 63413507  |c 20140311 
801 2 |a RU  |b 63413507  |c 20230619  |g RCR 
942 |c BK 
999 |a НТБ_ТПУ  |b НФ  |e -1/20140109  |p П-7712  |s 4/20130930  |u 0,00  |v 1